Латински език (Запис номер 79090)
[ съкратено ]
| 000 -Лидер | |
|---|---|
| Контролно поле с фиксирана дължина | 01489nam a2200349 c 4500 |
| 003 - Код на организацията, давaща контролен номер | |
| Контролно поле | BLK |
| 005 - Дата и час на последна редакция | |
| Контролно поле | 20240824125942.0 |
| 008 - Елементи от данни с фиксирана дължина | |
| fixed length control field | 180408b bul|||||r ||||||| ||bul|| |
| 010 ## - Наследен системен номер | |
| LC control number | KNG00083563000 |
| 040 ## - Източник на каталожния запис | |
| Идентификатор на билиотеката - собственик на записа | BLK |
| 041 ## - Код за език | |
| Код за езика на текст/звукозапис или на отделно заглавие | Български |
| Код за езика КДБФ | Български |
| Други езици | Латински |
| 080 ## - УДК | |
| Текстов определител УДК | Латински език |
| УДК код - определител по УДК | 811.124 |
| УДК определител | (075.3) |
| УДК - код + определител | 811.124(075.3) |
| 100 1# - Редна дума - Автор | |
| Автор | Милошева-Стайкова, Славка Николова |
| Авторска отговорност | първи автор |
| R(LIN) | 95897 |
| 139 ## - Редно поле | |
| Редна дума | Милошева-Стайкова, Славка Николова и др. |
| Авторски знак | Мило - М 61 |
| 245 10 - Сведения за заглавието | |
| Заглавие | Латински език |
| Подзаглавни данни | Учебник за средните мед. у-ща |
| Редно поле (дума) | Славка Николова Милошева-Стайкова; съавт. Невяна Георгиева Кралева. |
| 250 ## - Област на изданието | |
| Сведения за изданието | 2. изд. |
| 257 ## - Страна на издаване | |
| Страна на създаване/издаване | България |
| 260 ## - Област на издателските данни | |
| -- | София |
| Име на издателя, разпространителя и проч. | Наука и изкуство |
| Година на издаване | 1990 |
| Печатница | Ямбол : печ. Г. Димитров |
| 300 ## - Физическа характеристика | |
| Страници | 211 с. |
| Илюстрации и др. | с табл. |
| Размери/Мащаб | 22 см |
| 380 ## - Жанр | |
| Жанр | Езикознание. Филология |
| 500 ## - Общи забележки | |
| Забележка | 1. изд. 1986. - 10 089 тир. |
| 650 #4 - Допълнително описание по предмет – тема | |
| Основно описание – тема или топоним | Латински език - учебници |
| 9 (RLIN) | 258259 |
| 653 ## - Ключова дума – ненормативна | |
| Ключова дума | латински език |
| 653 ## - Ключова дума – ненормативна | |
| Ключова дума | учебници за средни училища |
| 700 1# - Други автори (авторска отговорност) | |
| Лично име | Кралева, Невяна Георгиева |
| Автороска отговорност (Описва отношението между автора и произведението) | съавт. |
| 9 (RLIN) | 299029 |
| 852 ## - Местоположение | |
| Форматна сигнатура | Цб 162525 |
| 856 4# - Електронен адрес и достъп | |
| Електронен формат | pdf - файл |
| Път до файла /url/ | |
| 856 4# - Електронен адрес и достъп | |
| Електронен формат | pdf - файл |
| Път до файла /url/ | |
| 942 ## - АРТИКУЛИ | |
| Вид на библиотечния материал | Книги |
| Скрит в OPAC | Не |
| Koha issues (borrowed), all copies | 4 |
| 944 ## - СЪЗДАВАНЕ И РЕДАКЦИЯ на ЗАПИСА | |
| Създаване/Редакция | Създаване |
| Дата на регистрацията/редакция | 29.04.2008 |
| Статус, дата на статуса | Минев Младен |
| Служител, извършил регистрацията/редакцията | 30530 |
| 944 ## - СЪЗДАВАНЕ И РЕДАКЦИЯ на ЗАПИСА | |
| Създаване/Редакция | Редакция |
| Дата на регистрацията/редакция | 17.08.2011 |
| Статус, дата на статуса | ф / |
| Служител, извършил регистрацията/редакцията | |
| 999 ## - СИСТЕМНИ КОНТРОЛНИ НОМЕРА | |
| Koha biblionumber | 79090 |
| Koha biblioitemnumber | 79090 |
| Код за отписване | Код за изгубен артикул | Източник на класификационната схема | Код за повреда | Коз за рестрикции | Код за отдаване | Артикулен № | Име на библиотеката - собственик | Име на библиотеката, в която се намира в момента | Статус (Текущо местоположение) | Дата на вписване в системата | Местоположение - отдел | Цена в лева | Инвентарен номер | Систематично азбучна сигнатура | Баркод | Номер на екземпляра | Цена в евро | Служебна бележка | Служебен тип на артикула |
|---|---|---|---|---|---|---|---|---|---|---|---|---|---|---|---|---|---|---|---|
| Не е изгубен | Universal Decimal Classification | Не е повреден | без рестрикции | заемане за дома | 127928 | Регионална библиотека "Любен Каравелов" Русе | Регионална библиотека "Любен Каравелов" Русе | Заемна - подръчен фонд | 2008-04-29 | Заемна - подръчен фонд | 3.00 | 120000726013 | 811/М 61 С | 120000726013 | 1 | 1.53 | Дост: DA Вид: А N: 9 Дата: 29.04.2008 Дата инв: 08.02.2018 Бележки инв: П2018 | Книги | |
| Не е изгубен | Universal Decimal Classification | Не е повреден | без рестрикции | ползва се в читалня | 127929 | Регионална библиотека "Любен Каравелов" Русе | Регионална библиотека "Любен Каравелов" Русе | Хранилище | 1990-01-01 | Хранилище | 0.86 | 532446 | Цб 162525 | 120000532446 | 2 | 0.44 | Дост: Dp Вид: Д N: стар фонд Дата: 01.01.1990 | Книги | |
| Не е изгубен | Universal Decimal Classification | Не е повреден | без рестрикции | заемане за дома | 127930 | Регионална библиотека "Любен Каравелов" Русе | Регионална библиотека "Любен Каравелов" Русе | Заемна - подръчен фонд | 2011-06-29 | Заемна - подръчен фонд | 3.00 | 120000751636 | 811/М 61 С | 120000751636 | 3 | 1.53 | Дост: DA Вид: А N: 10 Дата: 29.06.2011 Дата инв: 08.02.2018 Бележки инв: П2018 | Книги |